000 00361 a2200157 4500
001 61268
020 _a9783468495571
040 _cAnchieta - Pituba
100 _aKind, Uwe
240 1 0 _aDeutsch vergnugen
_lpor
245 1 0 _aDeutsch vergnugen
300 _a95
362 0 _a1996
650 4 _aLínguas germânicas (teutônicas) língua alemã
942 _cBK
999 _c61268
_d61268